Margot, labourés les vignes (1554) partitura /

Hlavní autor: Arcadelt, Jacob, asi 1505-1568
Jazyk: Francouzština
Vydáno: [S.l. : s.n. : 1935?]
Fyzický popis: s. 30-31
Hudebniny Hudebniny
Uloženo v:
LEADER 00770ncm a22002292a 4500
001 000344625
003 CZ BrMZK
005 20100224153831.0
007 qu
008 980105s1935 xx f fre d
040 |a BOA001  |b cze 
072 7 |a 784  |x Vokální hudba  |2 Konspekt  |9 9 
100 1 |a Arcadelt, Jacob,  |d asi 1505-1568  |7 ola2002146932  |4 cmp 
245 1 0 |a Margot, labourés les vignes  |h [hudebnina] :  |b (1554) partitura /  |c Jakob Arcadelt 
260 |a [S.l. :  |b s.n. :  |c 1935?] 
300 |a s. 30-31 
500 |a Fotokopie podle neznámé tištěné předlohy 
500 |a Smíšený sbor 
910 |a BOA001  |b Mus1-0607.966 
990 |a MU 
991 |b 201002 
996 6 |b 2619856103  |c Mus1-0607.966  |l MZK  |r Sklad / do 1 hodiny  |n 5  |p fotokopie  |w 000344625  |u 000010  |a 1  |e BOA001  |j MZK50  |s P